000 00924nam a2200241 a 4500
001 38885
003 BD-RjUL
005 20211209052858.0
008 160320s2013 bg ||||e |||| 000 0 ben d
020 _a9847010500066
_c: Tk.300.00
035 _a(BD-RjUL)38995
040 _aBD-RjUL
_bben
_cBD-RjUL
_dBD-RjUL
041 _aben
082 _223
_a320.95492
_bHUB 2013
100 _aহক, আবুল ফজল
_9118217
245 1 0 _aবাংলাদেশের শাসনব্যবস্থা ও রাজনীতি /
_cআবুল ফজল হক
250 _a৩য় পরিমার্জিত সং.
260 _aঢাকা :
_bঅনন্যা,
_c২০১৩
300 _a৪৪০ পৃ. ;
_c২২ সেমি.
650 _aরাজনীতি ও সরকার
_zবাংলাদেশ
_9119957
650 _aPolitics and government
_zBangladesh
_9119958
942 _2ddc
_cBK
_08
999 _c38885
_d38885